| 000 | 00953cam a2200289 a 4500 | ||
|---|---|---|---|
| 001 | 6648 | ||
| 003 | FISKH | ||
| 005 | 20250519093156.0 | ||
| 008 | 020801s2002 nyua j b 000 0 eng d | ||
| 010 | _a 2002283994 | ||
| 020 | _a0439356105 | ||
| 020 | _a9780439356107 | ||
| 040 |
_aDUQ _cDUQ _dDLC _beng |
||
| 050 | _aQC944 .M37 | ||
| 082 | _a551.55 | ||
| 100 | 1 | _aMarkle, Sandra. | |
| 245 | 1 | 0 |
_aCan you believe? : _bhurricanes / _cby Sandra Markle ; illustrations by Jo-Ellen C. Bosson. |
| 260 |
_aNew York : _bScholastic, _c2002. |
||
| 300 |
_a48 pages : _bcolor illustrations ; _c21 x 26 cm. |
||
| 504 | _aIncludes bibliographical references (p. 48). | ||
| 520 | _aDescribes the causes, characteristics and destructive forces of hurricanes. | ||
| 650 | 0 |
_aHurricanes _vJuvenile literature. |
|
| 700 | 1 |
_aBosson, Jo-Ellen, _d1941- _eillustrator |
|
| 906 |
_a7 _bcbc _ccopycat _d3 _encip _f20 _gy-gencatlg |
||
| 942 |
_2ddc _cBK _n0 |
||
| 999 |
_c6648 _d6648 |
||